| Tag |
First Indicator |
Second Indicator |
Subfields |
| LEADER |
00000cam a2200000 a 4500 |
| 001 |
in00003424708 |
| 005 |
20190407112855.0 |
| 006 |
m o d |
| 007 |
cr bn ---uuuuu |
| 008 |
090608s1923 enka o 001 0beng d |
| 035 |
|
|
|a AC001711
|
| 040 |
|
|
|a UkMbAM-D
|c UkMbAM-D
|d UtOrBLW
|
| 043 |
|
|
|a e-uk---
|
| 100 |
1 |
|
|a Trethewy, A. W.
|q (Anthony William)
|
| 245 |
1 |
5 |
|a The "controls" of Stainton Moses ("M. A. Oxon.") /
|c by A.W. Trethewy.
|
| 264 |
|
1 |
|a London :
|b Hurst & Blackett,
|c [1923]
|
| 300 |
|
|
|a 1 online resource.
|
| 336 |
|
|
|a text
|b txt
|2 rdacontent
|
| 337 |
|
|
|a computer
|b c
|2 rdamedia
|
| 338 |
|
|
|a online resource
|b cr
|2 rdacarrier
|
| 500 |
|
|
|a Includes index.
|
| 535 |
1 |
|
|a Harry Price Library of Magical Literature, Senate House Library, University of London
|
| 500 |
|
|
|a Electronic resource.
|
| 600 |
1 |
0 |
|a Moses, Stainton.
|
| 650 |
|
0 |
|a Spiritualists
|z Great Britain
|v Biography.
|
| 650 |
|
0 |
|a Mediums
|z Great Britain
|v Biography.
|
| 650 |
|
0 |
|a Channeling (Spiritualism)
|
| 856 |
4 |
0 |
|u http://proxy.library.tamu.edu/login?url=http://www.victorianpopularculture.amdigital.co.uk/contents/document-details.aspx?documentid=14823
|z Connect to the full text of this electronic resource
|t 0
|
| 999 |
|
|
|a MARS
|
| 999 |
f |
f |
|s afd45446-0646-3e0b-994c-d0d19b9d309e
|i ec3d3d06-cb18-3bcd-8058-930dbb5cb666
|t 0
|
| 952 |
f |
f |
|a Texas A&M University
|b College Station
|c Electronic Resources
|d Available Online
|t 0
|h No information provided
|
| 998 |
f |
f |
|t 0
|l Available Online
|